000 01143cam a2200229 a 4500
001 000014014
005 20200929163434.0
008 020317s2001 mx 001 0 spa
020 _a9686075968
040 _aDO-SdBNP
_bspa
_cDLC
_dBNPHU
082 _a324.29722
_bH557d
100 1 _aHernández Vicencio, Tania.
_931707
245 1 0 _aDe la oposición al poder :
_bel PAN en baja California, 1986-2000 /
_cTania Hernández Vicencio.
246 3 _aPartido Acción Nacional (México) en Baja California, 1986-2000
260 _aMéxico :
_bEl Colegio de la Frontera Norte,
_c2001.
300 _a308 p. ;
_c23 cm.
520 _aUn estudio académico de la subida y el ejercicio de poder del Partido Acción Nacional en Baja California, con especial atención a principios de la política y las elecciones, los conflictos internos y el crecimiento, finanzas, recursos humanos y el desarrollo de la estructura del partido.
610 2 4 _aPARTIDO ACCIOÓN NACIONAL
_zBAJA CALIFORNIA (MÉXICO)
_931708
651 4 _aBaja California (México{Rpara}
_xPolítica Y Gobierno
_ySIGLO XX
_931709
910 _aCatalogación por copia / LC
049 _aBNGR
999 _c13618
_d13618